Escritos paulinos.
Saved in:
| Main Author: | |
|---|---|
| Format: | Unknown |
| Published: |
Pamplona, España:
Verbo Divino,
2024.
|
| Series: | Introducción al estudio de la Biblia ;
7 |
| Subjects: | |
| Tags: |
Add Tag
No Tags, Be the first to tag this record!
|
MARC
| LEADER | 00000 a2200000 4500 | ||
|---|---|---|---|
| 003 | CL-VaPUC | ||
| 005 | 20241129150950.0 | ||
| 008 | 241118t2024 ||||| |||| 00| 0 eng d | ||
| 999 | |c 445473 |d 445471 | ||
| 020 | |a 9788490739570 | ||
| 040 | |c Pontificia Universidad Católica de Valparaíso | ||
| 082 | 7 | |2 23 |a 227 GIL 2024 | |
| 100 | |a Gil Arbiol, Carlos |9 603566 |e autor | ||
| 245 | |a Escritos paulinos. | ||
| 260 | |a Pamplona, España: |b Verbo Divino, |c 2024. | ||
| 300 | |a 650 páginas. | ||
| 490 | |a Introducción al estudio de la Biblia ; |v 7 | ||
| 583 | |k GC |c 20241118 | ||
| 600 | |a Pablo, |c Apóstol, Santo |x Crítica e interpretación |9 893945 | ||
| 630 | 7 | |a Biblia |t Epístolas de Pablo |x Crítica e interpretación |9 893946 | |
| 942 | |2 ddc |c BK | ||
| 952 | |0 0 |1 0 |2 ddc |4 0 |6 227_000000000000000_GIL_2024 |7 0 |8 A |9 598103 |a BIBTEO |b BIBTEO |d 2024-11-18 |e 108 |g 60278.00 |i 5663298 |o 227 GIL 2024 |p 5663298 |r 2025-01-17 |t 1 |v 60278.00 |w 2024-11-18 |y BK |k ICR | ||